000 00839cam a2200229 4500
001 X104573
008 000000n2000 000 0 eng u
035 _a(Sirsi) u104573
245 _aR v Commissioner for Local Government
260 _c2000
490 _aNew Property Cases
_v[2000] 18 NPC 1-4(4)
520 _aCA 24 February 2000. For a councillor to have regard to party pressure when making a decision on a planning application is to have regard to an immaterial consideration.
650 _aR V LOCAL GOVERNMENT COMMISSIONER
650 _aMALADMINISTRATION
650 _aLOCAL AUTHORITIES
650 _aLOCAL GOVERNMENT ACT 1974
650 _aLOCAL GOVERNMENT AND HOUSING ACT 1989
650 _aTOWN AND COUNTRY PLANNING ACT 1990
650 _aTOWN PLANNING
690 _aPlanning and development
_96259
942 _n0
999 _c62757
_d62757